| 000 | 01605nam a2200169 4500 | ||
|---|---|---|---|
| 999 |
_c511562 _d511562 |
||
| 008 | 190926b ||||| |||| 00| 0 eng d | ||
| 100 |
_aPasha, Obed _911469 |
||
| 245 | _aDoes substandard performance encourage innovation adoption? | ||
| 260 | _bAmerican Review of Public Administration | ||
| 300 | _a49(5), Jul, 2019: p.572-584. | ||
| 520 | _aWhat makes an organization innovative? This is an enduring question in literature with a variety of models explaining innovation adoption in public organizations. The study presented here contributes to this research by introducing substandard performance as a determinant of innovation adoption, using the example of the adoption of CompStat systems in U.S. police departments. CompStat is a significant innovation in policing that was first operationalized by the New York Police Department in the mid-1990s and is consistently gaining popularity among police departments in the United States and abroad. This study uses a survival analysis of 362 small to midsized U.S. police departments over a 14-year period. Event history and Cox proportional hazards modeling show that poor preadoption performance for violent crime is significantly related to CompStat adoption, and the weaker a department’s preadoption performance, the earlier it adopts CompStat. Property crime, on the contrary, is not found to have a significant impact on the adoption of CompStat. - Reproduced. | ||
| 650 |
_aPolice - United States _911470 |
||
| 650 |
_aCompStat _911471 |
||
| 773 | _aAmerican Review of Public Administration | ||
| 906 | _aOrganisation | ||
| 942 |
_2ddc _cAR |
||